Stabilization polices

Guardat en:
Dades bibliogràfiques
Autor corporatiu: Commission on Money and Credit (Autor)
Format: Llibre
Idioma:anglès
Publicat: Englewood Cliffs Prentice-Hall 1963
Col·lecció:Trade Associations Monographs
Matèries:
Etiquetes: Afegir etiqueta
Sense etiquetes, Sigues el primer a etiquetar aquest registre!

MARC

LEADER 00000nam a2200000 a 4500
001 UCR7885
003 CL-VaPUC
008 980519e19630000us |||||||||||||||||eng|d
082 0 4 |a 336.73  |b COM  |2 21 
110 2 |a Commission on Money and Credit  |e author  |9 409411 
245 1 0 |a Stabilization polices 
300 |a 558 p 
942 |c BK 
945 |d 19980519 00:00:00  |a crobeson 
260 |a Englewood Cliffs  |b Prentice-Hall  |c 1963 
650 0 |a Hacienda pública  |9 258673 
650 0 |a Política monetaria  |9 258279 
650 7 |a ECONOMIA NACIONAL  |2 CL-VaPUC  |9 338222 
650 7 |a ECONOMIA NACIONAL  |2 CL-VaPUC  |9 338222 
651 0 |a Estados Unidos  |9 255178 
583 |a last modification  |c 20150428 02:49:21  |k Rodrigo Vera 
490 0 |a Trade Associations Monographs 
999 |c 269464  |d 269462